Trypanosoma lambrechti N. sp. aislado de micos (<Cebus albifrons>) de Colombia (Registro nro. 14693)

Detalles MARC
000 -CABECERA
Campo de control 003280000a22001090004500
090 ## - CLASIFICACIÓN LOCAL
Colección AS
Consecutivo Seriadas
041 0# - IDIOMA
Código de idioma para texto/pista de sonido o título separado
100 1# - ASIENTO PRINCIPAL--NOMBRE PERSONAL
Nombre personal Marinkelle, Cornelis J.
245 10 - MENCION DE TITULO
Título Trypanosoma lambrechti N. sp. aislado de micos (<Cebus albifrons>) de Colombia
773 1# - Item fuente:
Título Caldasia
Especificación de materiales 45
Descripción física 47
Paginas del Articulo 155-171
Lugar, editorial y fecha de publicación 1968
Información sobre la relación 10
942 ## - ELEMENTOS ADICIONALES (KOHA)
Tipo de ítem Artículo

No hay ítems disponibles.